Historia de los griegos : desde los tiempos más remotos hasta la reducción de Grecia a provincia romana : tomo primero /
Guardado en:
| Autor principal: | |
|---|---|
| Formato: | Libro |
| Idioma: | Español |
| Temas: | |
| Etiquetas: |
Sin etiquetas, Sé el primero en etiquetar este registro!
|
MARC
| LEADER | 00000nam^a2200000^a^4500 | ||
|---|---|---|---|
| 001 | 000371258 | ||
| 005 | 20250526000000.0 | ||
| 009 | 20260310115927.041 | ||
| 037 | |a Acervo Xavier Clavigero | ||
| 041 | |a ESP | ||
| 082 | |a 949. 501 |b DUR V. 1 | ||
| 100 | |a Duruy, Víctor |e (autor) | ||
| 240 | 1 | 1 | |a [Historia de los griegos, de Víctor Duruy] |
| 245 | 1 | 0 | |a Historia de los griegos : |b desde los tiempos más remotos hasta la reducción de Grecia a provincia romana : tomo primero / |c V. Duruy ; tr. por Enrique Leopoldo de Verneuil. |
| 264 | |a Barcelona, España : |b Montaner y Simón, |c 1890, c1890 | ||
| 300 | |a II, 362 p., 1 lámina ; |c 24.0 cm. | ||
| 336 | |a texto |b txt |2 rdacontenido | ||
| 337 | |a sin mediación |b n |2 rdamedio | ||
| 338 | |a volumen |b nc |2 rdasoporte | ||
| 500 | |a Traducción de: Histoire des grecs | ||
| 501 | |a Encuadernación particular | ||
| 561 | |a Ex libris de Bibl. Domus San Cayetano | ||
| 561 | |a Ex libris de Bibl. Magnopontanae Domus Scti. Ioseph. Prov. Mex. S.I. | ||
| 561 | |a Ex libris de Bibl. Domus Probationis Sancti Ioseph | ||
| 561 | |a Ex libris de Res. Zapotlán El Grande, S.I. | ||
| 562 | |a Falta cubierta | ||
| 649 | |a XX | ||
| 650 | |a Mitología Clásica - |x Historia y Crítica | ||
| 650 | |a Mitología Griega - |x Historia y Crítica | ||
| 650 | |a Geografía Antigua | ||
| 650 | |a Geografía - |z Grecia | ||
| 650 | |a Religión - |z Grecia - |x Historia Antigua | ||
| 650 | |a Esparta, Grecia - |x Historia - |y Período Clásico, 479-323 a.C | ||
| 650 | |a Atenas, Grecia - |x Historia Antigua | ||
| 650 | |a Grecia - |x Historia - |y Período Arcaico | ||
| 650 | |a Grecia - |x Historia - |y Guerras Persas, 500-479 a.C. | ||
| 650 | |a Grecia - |x Historia - |y Período Antiguo, 775-479 a.C. | ||
| 650 | |a Grecia - |x Historia Antigua - |x Tema Principal | ||
| 910 | |a Fondo General | ||
| 920 | |a Impresos - Libros | ||
| 930 | |a Libros Antiguos y Raros | ||
| 905 | |a 108 | ||
| 901 | |a 0500265325 |b IT2 |c LRA |u 20250526 | ||
| 902 | |a https://opac.biblio.iteso.mx/vufind/Record/000371258 | ||